|
|
|
|
| LEADER |
00000nab a2200000 a 4500 |
| 001 |
vtls008945052 |
| 003 |
SK-MaSNL |
| 005 |
20260303070949.0 |
| 008 |
070212c20070207xo ur| 0 0slo |
| 038 |
|
|
|a RVGKPD
|
| 040 |
|
|
|a RVGKPD
|b slo
|c RVGKPD
|e AACR2
|
| 041 |
|
|
|a slo
|
| 044 |
|
|
|a xo
|c SK
|
| 080 |
|
|
|a 353.2
|2 1997
|
| 245 |
0 |
0 |
|a Prešovskí krajskí poslanci si finančne polepšili
|c [autor] (ič)
|
| 610 |
2 |
7 |
|a Prešovský samosprávny kraj (Slovensko).
|b Zastupiteľstvo
|2 rvgkpd
|9 189290
|
| 650 |
0 |
7 |
|a odmeňovanie
|2 rvgkpd
|9 2329
|
| 651 |
|
7 |
|a Prešov (Slovensko)
|2 rvgkpd
|9 17347
|
| 773 |
0 |
|
|t Pravda
|g Roč. XVII, č. 31 (7.2.2007), s. 4
|x 1335-4051
|
| 852 |
|
|
|a RVGKPD
|b KIS3G
|
| 992 |
|
|
|a RBX
|
| 999 |
|
|
|c 1757726
|d 1759656
|